[Event "SVK Team Ch"]
[Site "Slovakia"]
[Date "1995.??.??"]
[Round "?"]
[White "Blaho, Stefan"]
[Black "Drtina, Milan"]
[Result "1-0"]
[WhiteElo "2210"]
[BlackElo "2245"]
[PlyCount "107"]
[EventDate "1995.??.??"]
[Source "www.chesslib.no"]
[SourceDate "2004.05.04"]

1. d4 d5 2. c4 e6 3. Nc3 f5 4. Nf3 c6 5. g3 Be7 6. Bg2 Nf6 7. O-O O-O 8. b3 Bd7 9. Bb2 Be8 10. e3 Bh5 11. Qc1 Bxf3 12. Bxf3 g5 13. Ba3 Nbd7 14. Rb1 g4 15. Bg2 Ne4 16. Bxe7 Qxe7 17. Ne2 Ng5 18. Nf4 Nf6 19. b4 Nfe4 20. b5 dxc4 21. bxc6 bxc6 22. h4 gxh3 23. Nxh3 Nxh3+ 24. Bxh3 c3 25. Rd1 e5 26. Bg2 exd4 27. Rxd4 Rad8 28. Rb3 c5 29. Rxe4 fxe4 30. Rxc3 Qf7 31. Qc2 Qh5 32. Qxe4 Rd1+ 33. Bf1 Qh3 34. Qc4+ Kh8 35. Rc2 Rf5 36. Rd2 Rxd2 37. Bxh3 Rfxf2 38. Qc3+ Kg8 39. Be6+ Kf8 40. Bh3 Rxa2 41. Qxc5+ Kg7 42. Qe7+ Rf7 43. Qe5+ Rf6 44. e4 Raa6 45. Bf5 h6 46. Kg2 Rab6 47. Kf3 Rb7 48. Kf4 a6 49. Qd4 Re7 50. e5 Rf8 51. Qd6 Rfe8 52. Qg6+ Kh8 53. Qxh6+ Kg8 54. Bh7+ 1-0

[Event "PER-ch 46th"]
[Site "Lima"]
[Date "1998.??.??"]
[Round "3"]
[White "Guttierez, Renzo"]
[Black "Ledesma, Otoniel"]
[Result "0-1"]
[WhiteElo "2170"]
[BlackElo "2280"]
[PlyCount "56"]
[EventDate "1998.??.??"]
[Source "www.chesslib.no"]
[SourceDate "2004.05.04"]

1. d4 d5 2. c4 c6 3. Nf3 e6 4. Nc3 f5 5. g3 Be7 6. Bg2 Nf6 7. O-O O-O 8. Bf4 Qe8 9. Bxb8 Rxb8 10. Ne5 Bd6 11. f4 b5 12. c5 Bxe5 13. fxe5 Ng4 14. Qd3 b4 15. Nd1 Qh5 16. h3 Nh6 17. Rf2 Nf7 18. h4 g5 19. hxg5 Nxg5 20. Ne3 Rb7 21. Raf1 Rg7 22. g4 Qh4 23. Rf4 h5 24. R1f2 Qg3 25. Nxf5 Nh3+ 26. Kf1 Qxd3 27. exd3 Nxf4 28. Rxf4 exf5 0-1

[Event "SUI Team Ch"]
[Site "Switzerland"]
[Date "1993.??.??"]
[Round "?"]
[White "Hirzel, Rene"]
[Black "Preiss, Martin"]
[Result "0-1"]
[WhiteElo "2215"]
[BlackElo "2235"]
[PlyCount "76"]
[EventDate "1993.??.??"]
[Source "www.chesslib.no"]
[SourceDate "2004.05.04"]

1. c4 f5 2. d4 Nf6 3. Nc3 e6 4. g3 Be7 5. Bg2 O-O 6. Nf3 d5 7. O-O c6 8. b3 Bd7 9. Ne5 Be8 10. Qd2 Nbd7 11. Bb2 Bd6 12. f4 Qe7 13. Qd3 Ne4 14. Nxd7 Bxd7 15. Nxe4 dxe4 16. Qe3 Rfd8 17. Rfd1 b6 18. a3 a5 19. Qc3 Be8 20. Rd2 Ra7 21. e3 Rad7 22. Bf1 Bh5 23. Kf2 h6 24. Kg1 Kh7 25. Bg2 g5 26. Rf2 gxf4 27. exf4 Rg8 28. Kh1 Rgd8 29. Rd2 Bc5 30. Qe3 Bg6 31. Bf1 Qf8 32. Be2 Be7 33. Qc3 Bf6 34. Qe3 c5 35. Rad1 cxd4 36. Bxd4 Bxd4 37. Rxd4 Rxd4 38. Rxd4 Qc5 0-1